Short Story Authors Quiz Stats

 Plays Quiz Updated Aug 20, 2012

Score 0/20 Timer 07:00
0 Plays Today
Short Story or Novella Author % Correct
The Tell-Tale HeartEdgar Allan Poe
85%
The Time MachineH. G. Wells
64.2%
Rita Hayworth and Shawshank RedemptionStephen King
60.8%
The Celebrated Jumping Frog of Calaveras CountyMark Twain
49%
The Legend of Sleepy HollowWashington Irving
44.7%
The Curious Case of Benjamin ButtonF. Scott Fitzgerald
40.5%
The Gift of the MagiO. Henry
37.7%
Hills Like White ElephantsErnest Hemingway
35.6%
How the Leopard Got His SpotsRudyard Kipling
31.4%
The LotteryShirley Jackson
30.4%
Short Story or Novella Author % Correct
Bartleby the ScrivenerHerman Melville
30.2%
Young Goodman BrownNathaniel Hawthorne
30.1%
To Build a FireJack London
28.1%
A Good Man is Hard to FindFlannery O’Connor
21.3%
The Secret Life of Walter MittyJames Thurber
14.7%
The Rocking-Horse WinnerD. H. Lawrence
10.5%
The Monkey's PawW.W. Jacobs
4.7%
The Most Dangerous GameRichard Connell
4.6%
The Lady or the Tiger?Frank Stockton
4%
The Red InnHonore de Balzac
2.4%

You're not logged in!

Compare scores with friends on all Sporcle quizzes.
OR
Log In

Sporcle TV

Today on Sporcle TV


Watch our educational content, quiz creation guides, and fun videos on Sporcle TV.

Show Comments

Extras

Top Quizzes Today


Score Distribution

Your Account Isn't Verified!

In order to create a playlist on Sporcle, you need to verify the email address you used during registration. Go to your Sporcle Settings to finish the process.

Report this User

Report this user for behavior that violates our Community Guidelines.

Details: